| 000 | 01582nam a2200469 i 4500 | ||
|---|---|---|---|
| 001 | 34637 | ||
| 003 | KOSZ 005 | ||
| 005 | 20220610090642.0 | ||
| 008 | 980713s1997 pl a |000 0 pol | ||
| 015 | _aUWD 1997/13970 | ||
| 020 | _a8302060984 | ||
| 035 | _a991005147299705066 | ||
| 035 | _a(PL-WaBN)b11349645-48omnis_nlop | ||
| 035 | _ab11349645 | ||
| 035 | _a(OCoLC)750013340 | ||
| 035 | _azz2005985571 | ||
| 035 | _a(PL)b0000001134964 | ||
| 035 | _a(EXLNZ-48OMNIS_NETWORK)9910027419105606 | ||
| 040 |
_aWA N _cWA N _dKOSZ 005/HR |
||
| 080 | _a37.016 | ||
| 080 | _a37.091.33 | ||
| 100 | 1 |
_aSzmidt, Krzysztof J. _eAutor |
|
| 245 | 1 | 0 |
_aPorządek i przygoda - lekcje twórczości : _bprzewodnik metodyczny dla nauczycieli / _cKrzysztof J. Szmidt. |
| 250 | _aWyd. 3. | ||
| 260 |
_aWarszawa : _bWydawnictwa Szkolne i Pedagogiczne, _c1997. |
||
| 300 |
_a135 s. : _brys. (w tym kolor.) ; _c29 cm. |
||
| 336 |
_aTekst _btxt _2rdacontent |
||
| 337 |
_aBez urządzenia pośredniczącego _bn _2rdamedia |
||
| 338 |
_aWolumin _bnc _2rdacarrier |
||
| 380 | _aKsiążki | ||
| 388 | _a1901-2000 | ||
| 388 | _a1989-2000 | ||
| 504 | _aWskazówki bibliogr. s. 97-101. | ||
| 650 | 7 |
_aMyślenie twórcze _2DBN |
|
| 650 | 7 | _aMetody nauczania | |
| 655 | 7 | _aMateriały pomocnicze | |
| 658 | _aEdukacja i pedagogika | ||
| 710 | 2 |
_aWydawnictwa Szkolne i Pedagogiczne _4pbl |
|
| 856 |
_uhttp://koha.tu.koszalin.pl/cgi-bin/koha/opac-detail.pl?biblionumber=34637 _yKatalog online BPK |
||
| 942 |
_2UKD _cKS |
||
| 999 |
_c34637 _d34637 |
||